Innovations in GIS 4 (Record no. 106876)

MARC details
000 -LEADER
fixed length control field 03857cam a22006975a 4500
001 - CONTROL NUMBER
control field L137700
008 - FIXED-LENGTH DATA ELEMENTS--GENERAL INFORMATION
fixed length control field 080724s1997 xxkad f 001 0 eng d
020 ## - INTERNATIONAL STANDARD BOOK NUMBER
International Standard Book Number 0748406573
035 ## - SYSTEM CONTROL NUMBER
System control number (Sirsi) u137700
041 0# - LANGUAGE CODE
Language code of text/sound track or separate title eng
050 04 - LIBRARY OF CONGRESS CALL NUMBER
Classification number 526.9823 $2 18
100 1# - MAIN ENTRY--PERSONAL NAME
Personal name Kemp, Zarine
245 00 - TITLE STATEMENT
Title Innovations in GIS 4
Remainder of title selected papers from the fourth national conference on GIS research UK (GISRUK)
260 ## - PUBLICATION, DISTRIBUTION, ETC.
Place of publication, distribution, etc. London
Name of publisher, distributor, etc. Taylor & Francis
Date of publication, distribution, etc. 1997
300 ## - PHYSICAL DESCRIPTION
Extent xvii, 285p.
Other physical details ill.
Dimensions 25p.
350 ## - PRICE (NR) (BK AM CF MU VM SE) [OBSOLETE]
Price 35
505 2# - FORMATTED CONTENTS NOTE
Formatted contents note Data modelling and spatial data structures: A multi-resolution data storage scheme for 3D GIS -- Storage-efficient techniques for representing digital terrain models -- Modelling historical change in southern Corsica: temporal GIS development using an extensible database system -- Towards a model for multimedia geographical information systems
505 2# - FORMATTED CONTENTS NOTE
Formatted contents note Spatial analysis: Recent advances in the exploratory analysis of interregional flows in space and time -- A genetic programming approach to building new spatial models relevant to GIS -- Exploring categorical spatial data: an interactive approach -- A universal translator of linguistic hedges for the handling of uncertainty and fitness-for-use in GIS
505 2# - FORMATTED CONTENTS NOTE
Formatted contents note Environmental modelling: Environmental modelling with geographical information systems -- VGIS: a GIS shell for the conceptual design of environmental models -- Mapping sub-pixel boundaries from remotely sensed images -- Towards a 4D GIS: four-dimensional interpolation utilizing kriging -- Assessing the influence of digital terrain model characteristics on tropical slope stability analysis
505 2# - FORMATTED CONTENTS NOTE
Formatted contents note GIS: science ethics and infrastructure: GIS without computers: building geographic information science from the ground up -- The ethics of six actors in the geographical information systems arena -- Geographic information: a resource, a commodity, an asset or an infrastructure?
505 2# - FORMATTED CONTENTS NOTE
Formatted contents note GIS: the impact of the Internet: Designing a scientific database query server using the world wide web: the example of Tephrabase -- Open spatial decision-making: evaluating the potential of the world wide web
520 ## - SUMMARY, ETC.
Summary, etc. Contains revised versions of a selected subset of papers presented at the fourth national conference on GIS research UK held at the University of Kent in April 1996. The papers chosen reflect the interdisciplinary nature of GIS research and its developing maturity. Volume concentrates on five main themes: data modelling and spatial data structures; spatial analysis; environmental modelling; science; ethics and infrastructure and the impact of the Internet.
521 ## - TARGET AUDIENCE NOTE
Target audience note Advanced
651 #4 - SUBJECT ADDED ENTRY--GEOGRAPHIC NAME
Geographic name United Kingdom
Chronological subdivision
690 ## - LOCAL SUBJECT ADDED ENTRY--TOPICAL TERM (OCLC, RLIN)
Topical term or geographic name as entry element ENVIRONMENTAL AND LAND CONSULTANCY-GEOMATICS-MAPPING AND POSITIONING-CARTOGRAPHY
700 1# - ADDED ENTRY--PERSONAL NAME
Personal name Albrecht, Jochen
700 1# - ADDED ENTRY--PERSONAL NAME
Personal name Atkinson, Peter
700 1# - ADDED ENTRY--PERSONAL NAME
Personal name Bagg, Janet
700 1# - ADDED ENTRY--PERSONAL NAME
Personal name Barr, Robert
700 1# - ADDED ENTRY--PERSONAL NAME
Personal name Bivand, Roger
700 1# - ADDED ENTRY--PERSONAL NAME
Personal name Blake, Marcus
700 1# - ADDED ENTRY--PERSONAL NAME
Personal name Brimicombe, Allan
700 1# - ADDED ENTRY--PERSONAL NAME
Personal name Brunsdon, Chris
700 1# - ADDED ENTRY--PERSONAL NAME
Personal name Burrough, Peter A.
700 1# - ADDED ENTRY--PERSONAL NAME
Personal name Carver, Steve
700 1# - ADDED ENTRY--PERSONAL NAME
Personal name Couclelis, Helen
700 1# - ADDED ENTRY--PERSONAL NAME
Personal name Diplock, Gary
700 1# - ADDED ENTRY--PERSONAL NAME
Personal name Duke-Williams, Oliver
700 1# - ADDED ENTRY--PERSONAL NAME
Personal name Fisher, Peter
700 1# - ADDED ENTRY--PERSONAL NAME
Personal name Gittings, Bruce
700 1# - ADDED ENTRY--PERSONAL NAME
Personal name Gou, Zaiyong
700 1# - ADDED ENTRY--PERSONAL NAME
Personal name Hartshorne, Jim
700 1# - ADDED ENTRY--PERSONAL NAME
Personal name Jones, Christopher B.
700 1# - ADDED ENTRY--PERSONAL NAME
Personal name Jung, Stefan
700 1# - ADDED ENTRY--PERSONAL NAME
Personal name Kidner, David
700 1# - ADDED ENTRY--PERSONAL NAME
Personal name Liu, Lin
700 1# - ADDED ENTRY--PERSONAL NAME
Personal name Lombardo, Dean
700 1# - ADDED ENTRY--PERSONAL NAME
Personal name Mann, Samuel
700 1# - ADDED ENTRY--PERSONAL NAME
Personal name Marble, Duane F.
700 1# - ADDED ENTRY--PERSONAL NAME
Personal name Masser, Ian
700 1# - ADDED ENTRY--PERSONAL NAME
Personal name Miller, Eric J.
700 1# - ADDED ENTRY--PERSONAL NAME
Personal name Newton, Anthony
700 1# - ADDED ENTRY--PERSONAL NAME
Personal name Openshaw, Stan
700 1# - ADDED ENTRY--PERSONAL NAME
Personal name Ryan, Nick
700 1# - ADDED ENTRY--PERSONAL NAME
Personal name Saunders, James
700 1# - ADDED ENTRY--PERSONAL NAME
Personal name Smith, Derek H.
700 1# - ADDED ENTRY--PERSONAL NAME
Personal name Stuart, Neil
700 1# - ADDED ENTRY--PERSONAL NAME
Personal name Turton, Ian
700 1# - ADDED ENTRY--PERSONAL NAME
Personal name Ware, J. Mark
942 ## - ADDED ENTRY ELEMENTS (KOHA)
Suppress in OPAC 0
Holdings
Withdrawn status Lost status Source of classification or shelving scheme Damaged status Not for loan Home library Current library Shelving location Date acquired Total Checkouts Full call number Barcode Date last seen Copy number Price effective from Koha item type
    Dewey Decimal Classification     London London Books 24/07/2008   526.9823 KEM 30073809 06/08/2019 1 06/08/2019 Book